| 000 | 00583nam a22001817a 4500 | ||
|---|---|---|---|
| 003 | 0 | ||
| 005 | 20240808140134.0 | ||
| 008 | 240808b xxu||||| |||| 00| 0 eng d | ||
| 020 | _a978-8-89161-063-7 | ||
| 050 |
_aRT 41 _b.B74 2024 |
||
| 100 | _aBrennan, Gideon | ||
| 245 |
_aClinical nursing skills _c Gideon Brennan |
||
| 260 |
_aJersey City, USA _bAlexis Press, LLC. _c2024 |
||
| 300 |
_aviii, 295 pages : _bblack and white illustrations and pictures ; _c26cm. |
||
| 504 | _aIncludes bibliographical references and index. | ||
| 650 | _aClinical nursing. | ||
| 942 |
_2lcc _cBK |
||
| 999 |
_c366064 _d366064 |
||